Statistics for 'Y' words in movies

Click here to take the quiz!

General Stats

  • This quiz has been taken 21 times
  • The average score is 7 of 15

Answer Stats

HintAnswer% Correct
The wise and powerful Jedi MasterYoda
100%
The Abominable snowman character in "Monsters, Inc."Yeti
84%
Bear who steals food from the families in Jellystone ParkYogi
79%
Movies Agatha, Billy Liar, and Wuthering Heights were set in this English countyYorkshire
68%
American comedy horror film directed by Mel Brooks titled "_______ Frankenstein"Young
68%
Blue-skinned Ravager and adoptive father of Peter Quill in the MCUYondu
47%
National park featured in the movie "Free Solo" providing the setting for rock climbingYosemite
42%
Adoptive sister of Natasha Romanoff in the MCUYelena
37%
In 1993, Neil Simon's Pulitzer Prize-winning play was adapted into a film titled "Lost in ________."Yonkers
32%
The movie titled "________in revolt", in which Michael Cera plays characters Nick Twisp and François DillingerYouth
32%
Planet associated with the Rebel Alliance's triumph over the Death Star in Star WarsYavin
26%
Surname of the late actor Anton, who played the character Pavel Chekov in Star TrekYelchin
26%
Wandering samurai with exceptional swordsmanship in Akira Kurosawa's filmYojimbo
26%
Main villain of the Emperor's New Groove franchiseYzma
26%
Colloquial name for the group of investigators who unraveled the crimes in "Killers of the Flower Moon"Yankees
11%

Score Distribution

Percentile by Number Answered

Percent of People with Each Score

Your Score History

You have not taken this quiz